| 000 | 00856nam a2200169 a 4500 | ||
|---|---|---|---|
| 001 | 000027783 | ||
| 005 | 20200930031107.0 | ||
| 008 | 091209s1994 dr ab 000 0 spa d | ||
| 040 |
_aDO-SdBNP _bspa _cBNPHU |
||
| 082 |
_axxx _bR426c |
||
| 110 | 1 |
_aRepública Dominicana . _bSecretariado Técnico de la Presidencia, _bOficina Nacional de Estadística _910866 |
|
| 245 | 1 | 0 |
_aVII censo nacional de población y vivienda 1993 : _bresultados preliminares de la población según sexo, edad y vivienda República Dominicana. |
| 246 | 1 | 0 |
_aSéptimo censo nacional de población y vivienda 1993 : _bresultados preliminares de la población según sexo, edad y vivienda República Dominicana |
| 260 |
_aSanto Domingo : _bSecretariado Técnico de la Presidencia, Oficina Nacional de Estadística, _c1994. |
||
| 300 |
_a127 P. ; : _bil., map. ; _c28 cm. |
||
| 049 | _aBNPD | ||
| 999 |
_c27275 _d27275 |
||